Central Library OPAC University of Rajshahi

China's foreign relations since 1949 / (Record no. 42178)

MARC details
000 -LEADER
fixed length control field 00748nam a2200253 a 4500
001 - CONTROL NUMBER
control field 42178
003 - CONTROL NUMBER IDENTIFIER
rucl marc code BD-RjUL
005 - DATE AND TIME OF LATEST TRANSACTION
control field 20211209053514.0
008 - FIXED-LENGTH DATA ELEMENTS--GENERAL INFORMATION
fixed length control field 160611s1975 enk b 001 0 eng
020 ## - INTERNATIONAL STANDARD BOOK NUMBER
International Standard Book Number 0710080921 :
035 ## - SYSTEM CONTROL NUMBER
System control number (BD-RjUL)42296
040 ## - CATALOGING SOURCE
Original cataloging agency DLC
Transcribing agency DLC
Modifying agency DLC
-- BD-RjUL
Language of cataloging eng
041 ## - LANGUAGE CODE
Language code of text/sound track or separate title eng
082 00 - DEWEY DECIMAL CLASSIFICATION NUMBER
Classification number 327.51
Edition number 23
Author mark and year LAC 1975
100 1# - MAIN ENTRY--PERSONAL NAME
Personal name Lawrance, Alan
9 (RLIN) 129715
245 10 - TITLE STATEMENT
Title China's foreign relations since 1949 /
Statement of responsibility, etc. Alan Lawrance
260 ## - PUBLICATION, DISTRIBUTION, ETC. (IMPRINT)
Place of publication, distribution, etc. London ;
-- Boston :
Name of publisher, distributor, etc. Routledge & K. Paul,
Date of publication, distribution, etc. 1975.
300 ## - PHYSICAL DESCRIPTION
Pagination xxii, 261 p. ;
Size 22 cm.
490 0# - SERIES STATEMENT
Series statement The World studies series
500 ## - GENERAL NOTE
General note Includes index.
504 ## - BIBLIOGRAPHY, ETC. NOTE
Bibliography, etc Bibliography: p. 253-254.
651 #0 - SUBJECT ADDED ENTRY--GEOGRAPHIC NAME
Geographic name China
General subdivision Foreign relations
Chronological subdivision 1949-1976.
9 (RLIN) 129668
942 ## - ADDED ENTRY ELEMENTS (KOHA)
Source of classification or shelving scheme Dewey Decimal Classification
Koha item type Books
Holdings
Lost status Source of classification or shelving scheme Damaged status Not for loan Collection code Permanent Location Current Location Shelving location Date acquired Source of acquisition Cost, normal purchase price Total Checkouts Full call number Date last seen Copy number Koha item type
  Dewey Decimal Classification     Non-fiction Central Library, University of Rajshahi Central Library, University of Rajshahi   01/08/1979 Heffers 5.95   327.51 LAC 1975 11/06/2016 C-2 Books
  Dewey Decimal Classification     Non-fiction Central Library, University of Rajshahi Central Library, University of Rajshahi   01/08/1979 Heffers 5.95   327.51 LAC 1975 11/06/2016 C-3 Books
  Dewey Decimal Classification     Non-fiction Central Library, University of Rajshahi Central Library, University of Rajshahi   01/08/1979 Heffers 5.95   327.51 LAC 1975 11/06/2016 C-4 Books